UBT Library

Beginning and intermediate algebra / (Record no. 44655)

000 -LEADER
fixed length control field 00751cam a2200265 a 4500
001 - CONTROL NUMBER
control field 16078520
005 - DATE AND TIME OF LATEST TRANSACTION
control field 20180310040416.0
008 - FIXED-LENGTH DATA ELEMENTS--GENERAL INFORMATION
fixed length control field 100201s2012 maua 001 0 eng
010 ## - LIBRARY OF CONGRESS CONTROL NUMBER
LC control number 2010002285
020 ## - INTERNATIONAL STANDARD BOOK NUMBER
International Standard Book Number 9780321715425
020 ## - INTERNATIONAL STANDARD BOOK NUMBER
International Standard Book Number 032171542X
020 ## - INTERNATIONAL STANDARD BOOK NUMBER
International Standard Book Number 0321442334
035 ## - SYSTEM CONTROL NUMBER
System control number (OCoLC)ocn503594738
040 ## - CATALOGING SOURCE
Original cataloging agency DLC
Transcribing agency DLC
Modifying agency YDX
-- YDXCP
-- BWX
-- DLC
041 ## - LANGUAGE CODE
Language code of text/sound track or separate title eng
080 ## - UNIVERSAL DECIMAL CLASSIFICATION NUMBER
Universal Decimal Classification number 512
082 00 - DEWEY DECIMAL CLASSIFICATION NUMBER
Classification number 512 LIA
Edition number 22
100 1# - Rafti
Rafti 36
101 ## - Shkurtesa
Shkurtesa MAT
245 10 - TITLE STATEMENT
Title Beginning and intermediate algebra /
Statement of responsibility, etc Margaret L. Lial, John Hornsby, Terry McGinnis.
246 34 - VARYING FORM OF TITLE
Title proper/short title Beginning & intermediate algebra
906 ## - LOCAL DATA ELEMENT F, LDF (RLIN)
a 7
b cbc
c orignew
d 1
e ecip
f 20
g y-gencatlg
942 ## - ADDED ENTRY ELEMENTS (KOHA)
Source of classification or shelving scheme
Item type Books
Holdings
Withdrawn status Lost status Source of classification or shelving scheme Damaged status Not for loan Collection code Permanent location Current location Shelving location Date acquired Total Checkouts Full call number Barcode Date last seen Price effective from Koha item type
          Koleksioni i përgjithshem UBT - Lipjan UBT - Lipjan Koleksioni i përgjithshem 03/10/2018   512 LIA 002-3001361 03/10/2018 03/10/2018 Books
UBT Library © 2015-2024. All rights reserved University Education for Business and Technology